Statistics for Towns and cities with long names (vol.IV)

Click here to take the quiz!

General Stats

  • This quiz has been taken 9 times
  • The average score is 13 of 20

Answer Stats

City/TownCountry% Correct
Ottignies-Louvain-la-NeuveBelgium
100%
ShijiazhuangChina
100%
ThessalonikiGreece
100%
Ciudad NezahualcóyotlMexico
100%
AlbuquerqueUSA
100%
São Bernardo do CampoBrazil
83%
Neuhausen am RheinfallSwitzerland
83%
UnterstinkenbrunnAustria
67%
Palmerston NorthNew Zealand
67%
K'unmyongt'ae DongNorth Korea
67%
Nossa Senhora do MonteCape Verde
50%
Monsha'at El-QanaterEgypt
50%
GrevenmacherLuxembourg
50%
Suq as-Sabt Awlad an-NamaMorocco
50%
BahawalnagarPakistan
50%
Knowledge Economic CitySaudi Arabia
50%
AnuradhapuraSri Lanka
50%
NyansiongoKenya
33%
Antanambao ManampotsyMadagascar
33%
San Fernando de ApureVenezuela
33%

Score Distribution

Percentile by Number Answered

Percent of People with Each Score

Your Score History

You have not taken this quiz